Carini and Owens' Neurological and neurosurgical nursing / (Record no. 10597)
[ view plain ]
| 000 -LEADER | |
|---|---|
| fixed length control field | 01100cam a2200313 i 4500 |
| 001 - CONTROL NUMBER | |
| control field | 1790674 |
| 005 - DATE AND TIME OF LATEST TRANSACTION | |
| control field | 20160208185956.0 |
| 008 - FIXED-LENGTH DATA ELEMENTS--GENERAL INFORMATION | |
| fixed length control field | 780117s1978 moua b 001 0 eng |
| 010 ## - LIBRARY OF CONGRESS CONTROL NUMBER | |
| LC control number | 78000609 |
| 020 ## - INTERNATIONAL STANDARD BOOK NUMBER | |
| International Standard Book Number | 0801609461 |
| 040 ## - CATALOGING SOURCE | |
| Original cataloging agency | DLC |
| Transcribing agency | LCC |
| Modifying agency | LCC |
| 050 00 - LIBRARY OF CONGRESS CALL NUMBER | |
| Classification number | RC350.5 |
| Item number | .C36 1978 |
| 082 00 - DEWEY DECIMAL CLASSIFICATION NUMBER | |
| Classification number | 610.73/68 |
| 100 1# - MAIN ENTRY--PERSONAL NAME | |
| Personal name | Carini, Esta. |
| 240 10 - UNIFORM TITLE | |
| Uniform title | <a href="Neurological and neurosurgical nursing">Neurological and neurosurgical nursing</a> |
| 245 10 - TITLE STATEMENT | |
| Title | Carini and Owens' Neurological and neurosurgical nursing / |
| Statement of responsibility, etc. | Barbara Lang Conway. |
| 250 ## - EDITION STATEMENT | |
| Edition statement | 7th ed. |
| 260 ## - PUBLICATION, DISTRIBUTION, ETC. (IMPRINT) | |
| Place of publication, distribution, etc. | St. Louis : |
| Name of publisher, distributor, etc. | C. V. Mosby Co., |
| Date of publication, distribution, etc. | 1978. |
| 300 ## - PHYSICAL DESCRIPTION | |
| Extent | xv, 640 p. : |
| Other physical details | ill. ; |
| Dimensions | 27 cm. |
| 500 ## - GENERAL NOTE | |
| General note | First-4th editions written by C. G. De Gutiérrez-Mahoney. |
| 504 ## - BIBLIOGRAPHY, ETC. NOTE | |
| Bibliography, etc | Includes bibliographies and index. |
| 650 #0 - SUBJECT ADDED ENTRY--TOPICAL TERM | |
| Topical term or geographic name as entry element | Neurological nursing. |
| 700 1# - ADDED ENTRY--PERSONAL NAME | |
| Personal name | Owens, Guy, |
| Dates associated with a name | 1926- |
| 700 1# - ADDED ENTRY--PERSONAL NAME | |
| Personal name | Rutkowski, Barbara Lang, |
| Dates associated with a name | 1945- |
| 700 2# - ADDED ENTRY--PERSONAL NAME | |
| Personal name | De Gutiérrez-Mahoney, Carlos Guillermo, |
| Dates associated with a name | 1904- |
| Title of a work | Neurological and neurosurgical nursing. |
| 740 0# - ADDED ENTRY--UNCONTROLLED RELATED/ANALYTICAL TITLE | |
| Uncontrolled related/analytical title | Neurological and neurosurgical nursing. |
| 906 ## - LOCAL DATA ELEMENT F, LDF (RLIN) | |
| a | 7 |
| b | cbc |
| c | orignew |
| d | 1 |
| e | ocip |
| f | 19 |
| g | y-gencatlg |
| 942 ## - ADDED ENTRY ELEMENTS (KOHA) | |
| Source of classification or shelving scheme | |
| Koha item type | Hard Covered Materials |
| Withdrawn status | Lost status | Source of classification or shelving scheme | Damaged status | Not for loan | Home library | Current library | Date acquired | Source of acquisition | Total Checkouts | Full call number | Barcode | Date last seen | Price effective from | Koha item type |
|---|---|---|---|---|---|---|---|---|---|---|---|---|---|---|
| MACHAKOS UNIVERSITY LIBRARY | MACHAKOS UNIVERSITY LIBRARY | 08/12/2015 | Donation (B.F.A) | SPE RC 350.5.C36 1978 | 19546 | 31/05/2019 | 08/12/2015 | Hard Covered Materials |